000 01073pam a2200265 a 4500
001 1053510
003 ARRUPE
005 20131127105117.0
008 900207s1990 nyua b 001 0deng
010 _a 90032435
020 _a0876305850
040 _aDLC
_cDLC
_dDLC
050 0 0 _aBX1912.9
_b.S57 1990
100 1 _aSipe, A. W. Richard,
_d1932-
_94108
245 1 2 _aA secret world :
_bsexuality and the search for celibacy /
_cA.W. Richard Sipe ; foreword by Robert Coles.
260 _aNew York :
_bBrunner/Mazel,
_cc1990.
300 _axii, 324 p. :
_bill. ;
_c24 cm.
504 _aIncludes bibliographical references (p. 297-310) and index.
610 2 0 _aCatholic Church
_xClergy
_xSexual behavior.
_94109
650 0 _aCelibacy
_xCatholic Church.
_94110
856 4 2 _3Publisher description
_uhttp://www.loc.gov/catdir/enhancements/fy0652/90032435-d.html
906 _a7
_bcbc
_corignew
_d1
_eocip
_f19
_gy-gencatlg
942 _2lcc
_cMONOGRAPH
999 _c118750
_d118750